James Joyce Major Works Quiz Stats

 Plays Quiz Updated Mar 30, 2020

     
Support Sporcle.
Go Orange.
Score 0/7 Timer 02:00
0 Plays Today
Year Published Work % Correct
1922Ulysses
97.3%
1916A Portrait of the Artist as a Young Man
77.1%
1914Dubliners
76.3%
1939Finnegans Wake
73%
1918Exiles
19.6%
1907Chamber Music
17.1%
1927Pomes Penyeach
9.4%

From the Vault

1-10 in Which Language?

by Ploupol

Counting is hard enough without having to do it in 20 languages.
Remove Ads.
Support Sporcle.
Get the best of Sporcle when you Go Orange. This ad-free experience offers more features, more stats, and more fun while also helping to support Sporcle. Thank you for becoming a member.

Show Comments

Extras

Top Quizzes Today


Score Distribution

Your Account Isn't Verified!

In order to create a playlist on Sporcle, you need to verify the email address you used during registration. Go to your Sporcle Settings to finish the process.

Report this User

Report this user for behavior that violates our Community Guidelines.

Details: